Los conventos suprimidos en México : (Registro nro. 28862)
[ vista simple ]
| 000 -LEADER | |
|---|---|
| fixed length control field | 01288cam a2200313 i 4500 |
| 001 - CONTROL NUMBER | |
| control field | 28862 |
| 003 - CONTROL NUMBER IDENTIFIER | |
| control field | Mx-PuUPA |
| 005 - DATE AND TIME OF LATEST TRANSACTION | |
| control field | 20250926161806.0 |
| 008 - FIXED-LENGTH DATA ELEMENTS--GENERAL INFORMATION | |
| fixed length control field | 140415s1982 mx ah g 001 0 spa d |
| 020 ## - INTERNATIONAL STANDARD BOOK NUMBER | |
| International Standard Book Number | 9684700326 |
| 040 ## - CATALOGING SOURCE | |
| Transcribing agency | Mx-PuUPA |
| Original cataloging agency | Mx-PuUPA |
| Language of cataloging | spa |
| Modifying agency | Mx-PuUPA |
| Description conventions | rda |
| 041 0# - LANGUAGE CODE | |
| Language code of text/sound track or separate title | spa |
| 100 1# - MAIN ENTRY--PERSONAL NAME | |
| Personal name | Ramírez Aparicio, Manuel, |
| Dates associated with a name | 1831-1867 |
| 9 (RLIN) | 17487 |
| Relator term | autor |
| 245 14 - TITLE STATEMENT | |
| Title | Los conventos suprimidos en México : |
| Remainder of title | estudios biográficos, históricos y arqueológicos / |
| Statement of responsibility, etc. | Manuel Ramírez Aparicio |
| 250 ## - EDITION STATEMENT | |
| Edition statement | Facsimilar |
| 264 #1 - PRODUCTION, PUBLICATION, DISTRIBUTION, MANUFACTURE, AND COPYRIGHT NOTICE | |
| Place of production, publication, distribution, manufacture | México, D.F. : |
| Name of producer, publisher, distributor, manufacturer | Banco Nacional de Obras y Servicios Públicos ; |
| -- | Miguel Ángel Porrúa, |
| Date of production, publication, distribution, manufacture, or copyright notice | ©1982 |
| 300 ## - PHYSICAL DESCRIPTION | |
| Extent | 525 páginas : |
| Other physical details | facsímil, ilustraciones ; |
| Dimensions | 24 cm |
| 336 ## - CONTENT TYPE | |
| Fuente | rdacontent |
| Content type term | texto |
| Content type code | txt |
| 337 ## - MEDIA TYPE | |
| Source | rdamedia |
| Media type term | sin medio |
| Media type code | n |
| 338 ## - CARRIER TYPE | |
| Source | rdacarrier |
| Carrier type term | volumen |
| Carrier type code | nc |
| 500 ## - GENERAL NOTE | |
| General note | "Reproducción facsimilar de la primera edición. México, 1861".-- Portada. |
| 650 #7 - SUBJECT ADDED ENTRY--TOPICAL TERM | |
| Source of heading or term | armarc |
| Topical term or geographic name entry element | Monasticismo y órdenes religiosas |
| Geographic subdivision | México |
| 650 #7 - SUBJECT ADDED ENTRY--TOPICAL TERM | |
| Source of heading or term | armarc |
| Topical term or geographic name entry element | Monasterios |
| General subdivision | Historia y arte |
| Geographic subdivision | México |
| 650 #7 - SUBJECT ADDED ENTRY--TOPICAL TERM | |
| Source of heading or term | armarc |
| Topical term or geographic name entry element | Conventos |
| General subdivision | Historia |
| Geographic subdivision | México |
| 942 ## - ADDED ENTRY ELEMENTS (KOHA) | |
| Source of classification or shelving scheme | Dewey Decimal Classification |
| Koha item type | Libro |
| Classification part | 255.00972 |
| Item part | R65 |
| Withdrawn status | Lost status | Source of classification or shelving scheme | Damaged status | Not for loan | Collection code | Home library | Current library | Shelving location | Date acquired | Source of acquisition | Cost, normal purchase price | Total Checkouts | Full call number | Barcode | Date last seen | Cost, replacement price | Price effective from | Koha item type |
|---|---|---|---|---|---|---|---|---|---|---|---|---|---|---|---|---|---|---|
| Dewey Decimal Classification | General | Biblioteca Karol Wojtyla | Biblioteca Karol Wojtyla | Sala general | 03/12/2013 | Donación | 0.00 | 255.00972 R65 1982 | 63068 | 05/01/2026 | 0.00 | 03/12/2013 | Libro |